Cell Biology Assays: Essential Methods. (Record no. 6900)

MARC details
000 -LEADER
fixed length control field 00491nam a22001817a 4500
003 - CONTROL NUMBER IDENTIFIER
control field OSt
005 - DATE AND TIME OF LATEST TRANSACTION
control field 20210506113248.0
008 - FIXED-LENGTH DATA ELEMENTS--GENERAL INFORMATION
fixed length control field 210506b ||||| |||| 00| 0 eng d
020 ## - INTERNATIONAL STANDARD BOOK NUMBER
International Standard Book Number 9780123751522
040 ## - CATALOGING SOURCE
Transcribing agency DDC
082 ## - DEWEY DECIMAL CLASSIFICATION NUMBER
Classification number 571.6CEL 2010.
100 ## - MAIN ENTRY--PERSONAL NAME
Personal name Edited by Kreitzer,Jaulin,Fanny;Espenel,Cedic ;
9 (RLIN) 14150
245 ## - TITLE STATEMENT
Title Cell Biology Assays: Essential Methods.
260 ## - PUBLICATION, DISTRIBUTION, ETC. (IMPRINT)
Place of publication, distribution, etc. Boston,
Name of publisher, distributor, etc. Elsevier,
Date of publication, distribution, etc. 2010.
300 ## - PHYSICAL DESCRIPTION
Extent xi,286p;
Other physical details ill,
Dimensions 25cm.,
504 ## - BIBLIOGRAPHY, ETC. NOTE
Bibliography, etc index
942 ## - ADDED ENTRY ELEMENTS (KOHA)
Source of classification or shelving scheme Dewey Decimal Classification
Koha item type Open Shelf
Holdings
Withdrawn status Lost status Source of classification or shelving scheme Damaged status Not for loan Home library Current library Date acquired Source of acquisition Inventory number Total Checkouts Full call number Barcode Date last seen Price effective from Koha item type
    Dewey Decimal Classification     MUST Main Library MUST Main Library 06/05/2021 Donation 12/36192   571.6CEL 2010. 2021-0470 06/05/2021 06/05/2021 Open Shelf